| 000 | 01313nam0a2200361 4500 | ||
|---|---|---|---|
| 001 | RU\NLR\BIBL_A\022587123 | ||
| 005 | 20260420051001.0 | ||
| 010 |
_a978-5-17-168227-9 _910 000 |
||
| 021 |
_aRU _bКН-П-25-030393 _9КН-П-25-3001 |
||
| 035 | _a(NLR Aleph) 022587123 | ||
| 090 |
_a13678492 _c13678492 |
||
| 100 | _a20250717d2025 m y0rusy50 ca | ||
| 101 | 1 |
_arus _ceng |
|
| 102 | _aRU | ||
| 105 | _aa z 000ay | ||
| 181 | 0 |
_ai _baxxe |
|
| 182 | 0 | _an | |
| 200 | 1 |
_aИзвращенное королевство _e[роман] _fРина Кент _gпер. с англ. О. Кузнецовой |
|
| 203 |
_aТекст _bвизуальный _cнепосредственный |
||
| 210 |
_aМосква _cАСТ _d2025 |
||
| 215 |
_a349, [1] с. _cил. _d21 |
||
| 225 | 1 |
_aLAV _iРомантика |
|
| 300 | _aСодерж. нецензур. брань | ||
| 311 | _aИз цикла "Королевская элита" | ||
| 333 | _a18+ | ||
| 488 | 0 |
_12001#$aКоролевская элита _tКоролевская элита |
|
| 686 | 1 | _aШ6(4Вл)67-440.4{Лх1299-50} | |
| 700 | 1 |
_7ca _8rus _aКент _bР. _gРина _9271601 _3RU\NLR\AUTH\770271657 |
|
| 942 | _cBOOK | ||
| 980 | _aNB | ||